The resurrection of the witnesses and Englands fall from (the mystical Babylon) Rome : clearly demonstrated to be accomplished, whereby great encouragement is administred to all saints, but especially to the saints in England, in the handling of a part of the eleventh chapter of the Revelation /

Bibliographic Details
Main Author: Cary, Mary
Format: Microform Book
Language:English
Series:Early English books, 1641-1700 ; 1546:16.
Subjects:

MARC

Tag First Indicator Second Indicator Subfields
LEADER 00000cam a2200000 a 4500
001 in00000884607
005 20150923134232.0
007 hd afa013baca
007 hd bfa013baaa
008 860310s1648 miu a 00010 eng d
035 |a (OCoLC)13277407 
035 |9 AEL2958AM 
037 |a CL0037000055  |b University Microfilms International 
037 |b University Microfilms International, 300 N. Zeeb Rd., Ann Arbor, MI 48106 
040 |a EAG  |c EAG  |d UtOrBLW 
049 |a TXAI 
090 |a BS2826  |b .C37 
099 |a film   |a  B   |a  3609 
100 1 |a Cary, Mary. 
245 1 4 |a The resurrection of the witnesses and Englands fall from (the mystical Babylon) Rome :  |b clearly demonstrated to be accomplished, whereby great encouragement is administred to all saints, but especially to the saints in England, in the handling of a part of the eleventh chapter of the Revelation /  |c by M. Cary ... 
264 3 |a London :  |b Printed by D.M. for Giles Calvert ...,  |c 1648. 
300 |a 30 unnumbered pages, 195 pages, 5 unnumbered pages 
336 |a text  |b txt  |2 rdacontent 
337 |a microform  |b h  |2 rdamedia 
338 |a microfilm reel  |b hd  |2 rdacarrier 
500 |a Reproduction of original in the British Library. 
510 4 |a Wing  |c C737A 
533 |a Microfilm.  |b Ann Arbor, Mich. :  |c University Microfilms International,  |d 1984.  |e 1 microfilm reel ; 35 mm.  |f (Early English books, 1641-1700 : 1546:16) 
500 |a Microform. 
630 0 0 |a Bible.  |p New Testament Revelation XI  |x Commentaries. 
650 0 |a Apocalyptic literature. 
830 0 |a Early English books, 1641-1700 ;  |v 1546:16. 
999 |a MARS 
999 f f |s c5560d2c-7903-3fe7-b1ec-ffd68d670856  |i 3de82767-6e34-3003-966a-e283649bb29b  |t 0 
952 f f |p default  |a Texas A&M University  |b College Station  |c Sterling C. Evans Library  |d Evans: Microforms (3rd floor)  |t 0  |e film B 3609 1546:16  |h Other scheme  |i microform -- microfilm reel 
998 f f |a film B 3609 1546:16  |t 0  |l Evans: Microforms (3rd floor)